Tratado sobre inversiones : a nivel macroeconómico y de empresa / Alejandro Conde López a nivel macroeconómico y de empresa / Alejandro Conde López
ISBN:
84-7087-159-5
Descripción Física:
XVI, 404 p. ; 25 cm
MARC
| LEADER | 00000nam a2200000Ia 4500 | ||
|---|---|---|---|
| 001 | 18434 | ||
| 008 | 160829s1976 xx 000 0 cat d | ||
| 020 | |a 84-7087-159-5 | ||
| 080 | |a M-5-325 | ||
| 100 | |a Conde López, Alejandro |9 23202 | ||
| 245 | |a Tratado sobre inversiones : |b a nivel macroeconómico y de empresa / Alejandro Conde López | ||
| 260 | |a Madrid : |b Index, |c 1976 | ||
| 300 | |a XVI, 404 p. ; |c 25 cm | ||
| 650 | |a Inversions |x Espanya |9 31641 | ||
| 650 | |a Empreses |x Aspectes econòmics |9 23204 | ||
| 901 | |a Arxiu | ||
| 942 | |n 1 | ||
| 952 | |0 0 |1 0 |4 0 |6 M5325 |7 1 |9 42616 |a Arxiu |b Arxiu |d 2016-12-01 |l 0 |o M-5-325 |p 18434 |r 2016-12-01 00:00:00 |w 2016-12-01 |y ARXIU | ||
| 999 | |c 45121 |d 45121 | ||